{"text_format":"3","workbook":"xlsx","n_sheets":1,"sheets":["t383"],"read":"whole","date_system":"1900"}

{"sheet":"t383","index":0,"n_rows":198,"n_cols":7,"rows_kept":198,"merged":[[0,0,0,6],[28,0,28,5],[45,0,45,5],[158,0,158,5]]}
["TABELA 383.1 - Estatísticas Agrícolas, Município de Orlândia, Estado de São Paulo, 2016/17."]
["ITEM","UNIDADE","N.DE UPAs","MÍNIMO","MÉDIO","MÁXIMO","TOTAL"]
["Distância à sede do município","km",181,{"v":1,"d":"1.0"},{"v":7.33,"d":"7.3"},{"v":23,"d":"23.0"},"-"]
["Área total","hectare",181,0.3,{"v":148.56,"d":"148.6"},{"v":1349,"d":"1,349.0"},{"v":26890.1,"d":"26,890.1"}]
["Área com cultura perene","hectare",13,0.1,{"v":35.05,"d":"35.1"},{"v":172,"d":"172.0"},455.6]
["Área com cultura temporária","hectare",135,0.4,{"v":150.52,"d":"150.5"},{"v":1103,"d":"1,103.0"},{"v":20320.4,"d":"20,320.4"}]
["Área com pastagem","hectare",106,0.2,{"v":26.82,"d":"26.8"},472.1,{"v":2843.3,"d":"2,843.3"}]
["Área com reflorestamento","hectare",13,0.1,{"v":2.43,"d":"2.4"},8.5,31.6]
["Área com vegetação natural","hectare",124,0.2,{"v":17.71,"d":"17.7"},176.4,{"v":2196,"d":"2,196.0"}]
["Área com vegetação de brejo e várzea","hectare",6,0.5,{"v":33.26,"d":"33.3"},103.5,{"v":199.54,"d":"199.5"}]
["Área em descanso","hectare",5,0.3,{"v":13.38,"d":"13.4"},{"v":22,"d":"22.0"},66.9]
["Área complementar","hectare",129,0.1,{"v":6.02,"d":"6.0"},58.4,{"v":776.76,"d":"776.8"}]
["Área das UPAs com (0, 1] ha","hectare",1,0.3,0.3,0.3,0.3]
["Área das UPAs com (1, 2] ha","hectare","-","-","-","-","-"]
["Área das UPAs com (2, 5] ha","hectare",34,2.3,{"v":3.41,"d":"3.4"},4.8,116.1]
["Área das UPAs com (5, 10] ha","hectare",27,5.1,{"v":7.86,"d":"7.9"},9.9,212.2]
["Área das UPAs com (10, 20] ha","hectare",19,10.7,{"v":14.21,"d":"14.2"},19.2,{"v":270,"d":"270.0"}]
["Área das UPAs com (20, 50] ha","hectare",29,22.4,32.7,49.6,948.3]
["Área das UPAs com (50, 100] ha","hectare",20,51.9,{"v":71.38,"d":"71.4"},97.8,{"v":1427.5,"d":"1,427.5"}]
["Área das UPAs com (100, 200] ha","hectare",15,109.2,{"v":156.75,"d":"156.8"},{"v":192,"d":"192.0"},{"v":2351.2,"d":"2,351.2"}]
["Área das UPAs com (200, 500] ha","hectare",16,230.2,{"v":323.98,"d":"324.0"},493.5,{"v":5183.7,"d":"5,183.7"}]
["Área das UPAs com (500, 1.000] ha","hectare",15,504.4,{"v":691.68,"d":"691.7"},979.5,{"v":10375.2,"d":"10,375.2"}]
["Área das UPAs com (1.000, 2.000] ha","hectare",5,{"v":1006.9,"d":"1,006.9"},{"v":1201.12,"d":"1,201.1"},{"v":1349,"d":"1,349.0"},{"v":6005.6,"d":"6,005.6"}]
["Área das UPAs com (2.000, 5.000] ha","hectare","-","-","-","-","-"]
["Área das UPAs com (5.000, 10.000] ha","hectare","-","-","-","-","-"]
["Área das UPAs acima de 10.000 ha","hectare","-","-","-","-","-"]
["Fonte: Secretaria de Agricultura e Abastecimento, CDRS/IEA, Projeto LUPA."]
[]
["TABELA 383.2 - Explorações Animais, Município de Orlândia, Estado de São Paulo, 2016/17."]
["ITEM","UNIDADE","N.DE UPAs","MÍNIMO","MÉDIO","MÁXIMO","TOTAL"]
["Asininos e muares","cabecas",1,{"v":31,"d":"31.0"},{"v":31,"d":"31.0"},{"v":31,"d":"31.0"},{"v":31,"d":"31.0"}]
["Avicultura de corte","cabecas/ano",9,{"v":80,"d":"80.0"},{"v":167977.78,"d":"167,977.8"},{"v":500000,"d":"500,000.0"},{"v":1511800,"d":"1,511,800.0"}]
["Avicultura ornamental/decorativa/exotica","cabecas",2,{"v":10,"d":"10.0"},{"v":30,"d":"30.0"},{"v":50,"d":"50.0"},{"v":60,"d":"60.0"}]
["Avicultura para ovos","cabecas",3,{"v":20,"d":"20.0"},{"v":43.33,"d":"43.3"},{"v":65,"d":"65.0"},{"v":130,"d":"130.0"}]
["Bovinocultura de corte","cabecas",29,{"v":4,"d":"4.0"},{"v":153,"d":"153.0"},{"v":1331,"d":"1,331.0"},{"v":4437,"d":"4,437.0"}]
["Bovinocultura leiteira","cabecas",20,{"v":2,"d":"2.0"},{"v":17.75,"d":"17.8"},{"v":74,"d":"74.0"},{"v":355,"d":"355.0"}]
["Bovinocultura mista","cabecas",8,{"v":2,"d":"2.0"},{"v":48.25,"d":"48.3"},{"v":300,"d":"300.0"},{"v":386,"d":"386.0"}]
["Bubalinocultura","cabecas",1,{"v":4,"d":"4.0"},{"v":4,"d":"4.0"},{"v":4,"d":"4.0"},{"v":4,"d":"4.0"}]
["Caprinocultura","cabecas",2,{"v":6,"d":"6.0"},15.5,{"v":25,"d":"25.0"},{"v":31,"d":"31.0"}]
["Equinocultura","cabecas",28,{"v":1,"d":"1.0"},{"v":49.36,"d":"49.4"},{"v":312,"d":"312.0"},{"v":1382,"d":"1,382.0"}]
["Ovinocultura","cabecas",6,{"v":10,"d":"10.0"},{"v":66.67,"d":"66.7"},{"v":198,"d":"198.0"},{"v":400,"d":"400.0"}]
["Piscicultura","m2 tanques",3,{"v":2400,"d":"2,400.0"},{"v":10714.33,"d":"10,714.3"},{"v":27343,"d":"27,343.0"},{"v":32143,"d":"32,143.0"}]
["Suinocultura","cabecas",6,{"v":7,"d":"7.0"},{"v":102.33,"d":"102.3"},{"v":550,"d":"550.0"},{"v":614,"d":"614.0"}]
["Fonte: Secretaria de Agricultura e Abastecimento, CDRS/IEA, Projeto LUPA."]
[]
["TABELA 383.3 -  Máquinas, Implementos e Benfeitorias, Município de Orlândia, Estado de São Paulo, 2016/17."]
["ITEM","UNIDADE","N.DE UPAs","MÍNIMO","MÉDIO","MÁXIMO","TOTAL"]
["Arado comum (bacia, aiveca)","unidade",17,{"v":1,"d":"1.0"},{"v":2.24,"d":"2.2"},{"v":12,"d":"12.0"},{"v":38,"d":"38.0"}]
["Arado escarificador","unidade",9,{"v":1,"d":"1.0"},{"v":1.22,"d":"1.2"},{"v":2,"d":"2.0"},{"v":11,"d":"11.0"}]
["Arado subsolador","unidade",8,{"v":1,"d":"1.0"},{"v":1.13,"d":"1.1"},{"v":2,"d":"2.0"},{"v":9,"d":"9.0"}]
["Batedeira de cereais","unidade",1,{"v":1,"d":"1.0"},{"v":1,"d":"1.0"},{"v":1,"d":"1.0"},{"v":1,"d":"1.0"}]
["Carregadeira de cana","unidade",5,{"v":1,"d":"1.0"},1.6,{"v":3,"d":"3.0"},{"v":8,"d":"8.0"}]
["Carreta de trator","unidade",7,{"v":1,"d":"1.0"},{"v":1.71,"d":"1.7"},{"v":5,"d":"5.0"},{"v":12,"d":"12.0"}]
["Colhedeira acoplada","unidade",1,{"v":4,"d":"4.0"},{"v":4,"d":"4.0"},{"v":4,"d":"4.0"},{"v":4,"d":"4.0"}]
["Colhedeira automotriz","unidade",8,{"v":1,"d":"1.0"},{"v":1.63,"d":"1.6"},{"v":5,"d":"5.0"},{"v":13,"d":"13.0"}]
["Computador","unidade",1,{"v":23,"d":"23.0"},{"v":23,"d":"23.0"},{"v":23,"d":"23.0"},{"v":23,"d":"23.0"}]
["Conj.irrigacao autopropelido","unidade",1,{"v":1,"d":"1.0"},{"v":1,"d":"1.0"},{"v":1,"d":"1.0"},{"v":1,"d":"1.0"}]
["Conj.irrigacao convencional","unidade",5,{"v":1,"d":"1.0"},{"v":1,"d":"1.0"},{"v":1,"d":"1.0"},{"v":5,"d":"5.0"}]
["Conj.irrigacao/gotejamento/microaspersao","unidade",2,{"v":1,"d":"1.0"},{"v":1,"d":"1.0"},{"v":1,"d":"1.0"},{"v":2,"d":"2.0"}]
["Conjunto de fenacao","unidade",4,{"v":1,"d":"1.0"},{"v":1.25,"d":"1.3"},{"v":2,"d":"2.0"},{"v":5,"d":"5.0"}]
["Desintegrador, picador, triturador","unidade",38,{"v":1,"d":"1.0"},{"v":1.29,"d":"1.3"},{"v":4,"d":"4.0"},{"v":49,"d":"49.0"}]
["Distribuidor de calcario","unidade",13,{"v":1,"d":"1.0"},{"v":1.38,"d":"1.4"},{"v":5,"d":"5.0"},{"v":18,"d":"18.0"}]
["Ensiladeira","unidade",7,{"v":1,"d":"1.0"},{"v":1,"d":"1.0"},{"v":1,"d":"1.0"},{"v":7,"d":"7.0"}]
["Grade aradora (tipo romi)","unidade",17,{"v":1,"d":"1.0"},{"v":1.35,"d":"1.4"},{"v":3,"d":"3.0"},{"v":23,"d":"23.0"}]
["Grade niveladora","unidade",20,{"v":1,"d":"1.0"},1.4,{"v":4,"d":"4.0"},{"v":28,"d":"28.0"}]
["Implementos para tracao animal","unidade",1,{"v":6,"d":"6.0"},{"v":6,"d":"6.0"},{"v":6,"d":"6.0"},{"v":6,"d":"6.0"}]
["Misturador de racao","unidade",7,{"v":1,"d":"1.0"},{"v":1.14,"d":"1.1"},{"v":2,"d":"2.0"},{"v":8,"d":"8.0"}]
["Mmicrotrator","unidade",5,{"v":1,"d":"1.0"},1.2,{"v":2,"d":"2.0"},{"v":6,"d":"6.0"}]
["Ordenhadeira mecanica","unidade",4,{"v":1,"d":"1.0"},{"v":1,"d":"1.0"},{"v":1,"d":"1.0"},{"v":4,"d":"4.0"}]
["Pulverizador tratorizado","unidade",19,{"v":1,"d":"1.0"},{"v":2,"d":"2.0"},{"v":8,"d":"8.0"},{"v":38,"d":"38.0"}]
["Resfriador de leite, tanque expansao","unidade",1,{"v":2,"d":"2.0"},{"v":2,"d":"2.0"},{"v":2,"d":"2.0"},{"v":2,"d":"2.0"}]
["Roçadeira costal","unidade",1,{"v":1,"d":"1.0"},{"v":1,"d":"1.0"},{"v":1,"d":"1.0"},{"v":1,"d":"1.0"}]
["Roçadeira tratorizada","unidade",1,{"v":1,"d":"1.0"},{"v":1,"d":"1.0"},{"v":1,"d":"1.0"},{"v":1,"d":"1.0"}]
["Roçadora","unidade",9,{"v":1,"d":"1.0"},{"v":1.11,"d":"1.1"},{"v":2,"d":"2.0"},{"v":10,"d":"10.0"}]
["Semeadeira/adubadeira para plantio convencional","unidade",12,{"v":1,"d":"1.0"},{"v":1.58,"d":"1.6"},{"v":3,"d":"3.0"},{"v":19,"d":"19.0"}]
["Semeadeira/plantadeira plantio direto","unidade",5,{"v":1,"d":"1.0"},1.2,{"v":2,"d":"2.0"},{"v":6,"d":"6.0"}]
["Terraceador","unidade",5,{"v":1,"d":"1.0"},{"v":1,"d":"1.0"},{"v":1,"d":"1.0"},{"v":5,"d":"5.0"}]
["Trator de esteiras","unidade",1,{"v":1,"d":"1.0"},{"v":1,"d":"1.0"},{"v":1,"d":"1.0"},{"v":1,"d":"1.0"}]
["Trator de pneus  acima de 85 cv","unidade",18,{"v":1,"d":"1.0"},{"v":3.89,"d":"3.9"},{"v":26,"d":"26.0"},{"v":70,"d":"70.0"}]
["Trator de pneus até 65 cv","unidade",23,{"v":1,"d":"1.0"},{"v":1.65,"d":"1.7"},{"v":10,"d":"10.0"},{"v":38,"d":"38.0"}]
["Trator de pneus de 66 cv a 85 cv","unidade",22,{"v":1,"d":"1.0"},{"v":1.64,"d":"1.6"},{"v":5,"d":"5.0"},{"v":36,"d":"36.0"}]
["Acude/represa","unidade",25,{"v":1,"d":"1.0"},{"v":2.32,"d":"2.3"},{"v":11,"d":"11.0"},{"v":58,"d":"58.0"}]
["Alambique","unidade",1,{"v":1,"d":"1.0"},{"v":1,"d":"1.0"},{"v":1,"d":"1.0"},{"v":1,"d":"1.0"}]
["Almoxarifado/oficina","unidade",12,{"v":1,"d":"1.0"},{"v":1.42,"d":"1.4"},{"v":3,"d":"3.0"},{"v":17,"d":"17.0"}]
["Armazem para graos ensacados","sacas",11]
["Balanca para bovinos","unidade",8,{"v":1,"d":"1.0"},{"v":1,"d":"1.0"},{"v":1,"d":"1.0"},{"v":8,"d":"8.0"}]
["Balanca para veiculos","unidade",2,{"v":1,"d":"1.0"},{"v":1,"d":"1.0"},{"v":1,"d":"1.0"},{"v":2,"d":"2.0"}]
["Barracao para granja/avicultura","unidade",10,{"v":1,"d":"1.0"},{"v":2,"d":"2.0"},{"v":5,"d":"5.0"},{"v":20,"d":"20.0"}]
["Barracao/galpao/garagem","unidade",64,{"v":1,"d":"1.0"},{"v":1.63,"d":"1.6"},{"v":8,"d":"8.0"},{"v":104,"d":"104.0"}]
["Casa de moradia habitada","unidade",99,{"v":1,"d":"1.0"},{"v":2.69,"d":"2.7"},{"v":15,"d":"15.0"},{"v":266,"d":"266.0"}]
["Casa de moradia total","unidade",110,{"v":1,"d":"1.0"},{"v":3.49,"d":"3.5"},{"v":26,"d":"26.0"},{"v":384,"d":"384.0"}]
["Curral/mangueira","unidade",64,{"v":1,"d":"1.0"},{"v":1.11,"d":"1.1"},{"v":3,"d":"3.0"},{"v":71,"d":"71.0"}]
["Deposito/tulha","unidade",27,{"v":1,"d":"1.0"},{"v":1.19,"d":"1.2"},{"v":5,"d":"5.0"},{"v":32,"d":"32.0"}]
["Estabulo","unidade",19,{"v":1,"d":"1.0"},{"v":1.21,"d":"1.2"},{"v":5,"d":"5.0"},{"v":23,"d":"23.0"}]
["Estufa/plasticultura","m2",1]
["Fabrica de racao","unidade",2,{"v":1,"d":"1.0"},{"v":1,"d":"1.0"},{"v":1,"d":"1.0"},{"v":2,"d":"2.0"}]
["Instalacoes para equinos","unidade",12,{"v":1,"d":"1.0"},{"v":6.67,"d":"6.7"},{"v":18,"d":"18.0"},{"v":80,"d":"80.0"}]
["Maquina de beneficio","unidade",8,{"v":1,"d":"1.0"},{"v":1.38,"d":"1.4"},{"v":2,"d":"2.0"},{"v":11,"d":"11.0"}]
["Pocilga","unidade",16,{"v":1,"d":"1.0"},{"v":1.13,"d":"1.1"},{"v":3,"d":"3.0"},{"v":18,"d":"18.0"}]
["Poco semi-artesiano","unidade",31,{"v":1,"d":"1.0"},{"v":1.03,"d":"1.0"},{"v":2,"d":"2.0"},{"v":32,"d":"32.0"}]
["Secador de graos","unidade",2,{"v":1,"d":"1.0"},1.5,{"v":2,"d":"2.0"},{"v":3,"d":"3.0"}]
["Silo para graos","ton",1]
["Silo para silagem","ton",7]
["Terreiro","m2",12]
["Fonte: Secretaria de Agricultura e Abastecimento, CDRS/IEA, Projeto LUPA."]
[]
["TABELA 383.4 - Outras Estatísticas Agrícolas, Município de Orlândia, Estado de São Paulo, 2016/17."]
["ITEM","Número de UPAs",null,"Percentual"]
["Faz Parte de Associação de Produtores",23,null,{"v":12.707182320441987,"d":"12.7"}]
["Faz Parte de Cooperativa de Produtores",41,null,{"v":22.65193370165746,"d":"22.7"}]
["Faz Parte do Sindicato de Produtores",43,null,{"v":23.756906077348063,"d":"23.8"}]
["Não utiliza assistência técnica ",43,null,{"v":23.756906077348066,"d":"23.8"}]
["Utiliza somente assistência técnica governamental ",28,null,{"v":15.469613259668508,"d":"15.5"}]
["Utiliza somente assistência técnica privada ",60,null,{"v":33.149171270718234,"d":"33.1"}]
["Utiliza assistência técnica tanto governamental quanto privada",50,null,{"v":27.624309392265193,"d":"27.6"}]
["Utiliza Crédito Rural",32,null,{"v":17.67955801104972,"d":"17.7"}]
["Utiliza Seguro Rural",9,null,{"v":4.972375690607735,"d":"5.0"}]
["Utiliza Escrituração Agrícola",110,null,{"v":60.773480662983424,"d":"60.8"}]
["Acessa Internet p/ Fins na Agropecuária",69,null,{"v":38.12154696132597,"d":"38.1"}]
["Utiliza Computador nas Atividades Agropecuárias",73,null,{"v":40.33149171270718,"d":"40.3"}]
["Utiliza Energia Elétrica Para Uso na Atividade Agrícola",132,null,{"v":72.92817679558011,"d":"72.9"}]
["Utiliza Energia Alternativa",1,null,{"v":0.5524861878453039,"d":"0.6"}]
["Realiza Análise de Solo, quando necessário",105,null,{"v":58.011049723756905,"d":"58.0"}]
["Realiza Calagem",77,null,{"v":42.5414364640884,"d":"42.5"}]
["Utiliza Práticas de Conservação de Solo, quando necessário",163,null,{"v":90.05524861878452,"d":"90.1"}]
["Faz Adubação Mineral, quando necessário",122,null,{"v":67.40331491712706,"d":"67.4"}]
["Faz Adubação Orgânica, quando necessário",60,null,{"v":33.149171270718234,"d":"33.1"}]
["Faz Adubação Verde, quando necessário",6,null,{"v":3.3149171270718236,"d":"3.3"}]
["Utiliza Manejo Integrado de Pragas (MIP)",5,null,{"v":2.7624309392265194,"d":"2.8"}]
["Utiliza Hidroponia","-",null,"-"]
["Utiliza Cultivo em Estufa",1,null,{"v":0.5524861878453039,"d":"0.6"}]
["Utiliza Mudas Fiscalizadas",40,null,{"v":22.099447513812155,"d":"22.1"}]
["Utiliza Semente Melhorada",48,null,{"v":26.519337016574585,"d":"26.5"}]
["Faz Confinamento de Bovinos",10,null,{"v":5.524861878453039,"d":"5.5"}]
["Utiliza Pastejo Intensivo",17,null,{"v":9.392265193370166,"d":"9.4"}]
["Faz Inseminação Artificial",12,null,{"v":6.629834254143647,"d":"6.6"}]
["Faz Mineralização do Rebanho",54,null,{"v":29.834254143646408,"d":"29.8"}]
["Faz Vermifugação do Rebanho",54,null,{"v":29.834254143646408,"d":"29.8"}]
["Possui Parceiros /Arrendatários na Exploração Animal",11,null,{"v":6.077348066298343,"d":"6.1"}]
["Existência de trabalhadores c/ deficiência na UPA",1,null,{"v":0.5524861878453039,"d":"0.6"}]
["Esporte e lazer",1,null,{"v":0.5524861878453039,"d":"0.6"}]
["Extração mineral","-",null,"-"]
["Hotel Fazenda, Pousada ou SPA","-",null,"-"]
["Pesque-pague",1,null,{"v":0.5524861878453039,"d":"0.6"}]
["Restaurante ou Lanchonete","-",null,"-"]
["Transformação artesanal","-",null,"-"]
["Turismo rural ou ecoturismo","-",null,"-"]
["Outras atividades econômicas rurais",4,null,{"v":2.2099447513812156,"d":"2.2"}]
["Agroindústria","-",null,"-"]
["Proprietário sem instrução ou com instrução incompleta",6,null,{"v":3.3149171270718236,"d":"3.3"}]
["Proprietário com antigo primário completo",17,null,{"v":9.392265193370166,"d":"9.4"}]
["Proprietário com 1° grau (ou antigo ginasial) completo",24,null,{"v":13.259668508287293,"d":"13.3"}]
["Proprietário com 2° grau (ou antigo colegial) completo",38,null,{"v":20.994475138121548,"d":"21.0"}]
["Proprietário com curso superior completo ",89,null,{"v":49.17127071823204,"d":"49.2"}]
["Pessoa Jurídica",7,null,{"v":3.867403314917127,"d":"3.9"}]
["Proprietário residente na própria UPA ",28,null,{"v":15.469613259668506,"d":"15.5"}]
["Fonte: Secretaria de Agricultura e Abastecimento, CDRS/IEA, Projeto LUPA."]
[]
["TABELA 383.5 - Área Cultivada, Município de Orlândia, Estado de São Paulo, 2016/17."]
["CULTURA","N.DE UPAs","MÍNIMO","MÉDIO","MÁXIMO","TOTAL"]
["Cana-de-acucar finalidade industria",117,0.6,{"v":167.07,"d":"167.1"},{"v":1067,"d":"1,067.0"},{"v":19546.8,"d":"19,546.8"}]
["Soja",30,{"v":5,"d":"5.0"},{"v":73.26,"d":"73.3"},290.4,{"v":2197.7,"d":"2,197.7"}]
["Braquiaria",95,0.2,{"v":20.77,"d":"20.8"},373.5,{"v":1973.1,"d":"1,973.1"}]
["Cafe",5,0.2,{"v":82.24,"d":"82.2"},{"v":172,"d":"172.0"},411.2]
["Coloniao",6,1.2,{"v":65.08,"d":"65.1"},251.7,390.5]
["Gramas",11,1.2,{"v":34.79,"d":"34.8"},118.8,382.7]
["Milho 2 safra",5,0.6,{"v":39.24,"d":"39.2"},{"v":172,"d":"172.0"},196.2]
["Sorgo",3,{"v":2,"d":"2.0"},{"v":52.33,"d":"52.3"},{"v":110,"d":"110.0"},{"v":157,"d":"157.0"}]
["Milho safra",9,1.2,{"v":7.39,"d":"7.4"},{"v":45,"d":"45.0"},66.5]
["Outras gramineas para pastagem",2,24.2,24.2,24.2,48.4]
["Milho-silagem",4,{"v":2,"d":"2.0"},{"v":11.58,"d":"11.6"},{"v":20,"d":"20.0"},46.3]
["Alface",4,0.8,{"v":8.68,"d":"8.7"},{"v":30,"d":"30.0"},34.7]
["Seringueira",1,33.8,33.8,33.8,33.8]
["Eucalipto",11,0.1,{"v":1.94,"d":"1.9"},{"v":6,"d":"6.0"},21.3]
["Capim-jaragua",1,20.1,20.1,20.1,20.1]
["Outras leguminosas para pastagem",1,16.9,16.9,16.9,16.9]
["Outras florestais",2,1.8,{"v":5.15,"d":"5.2"},8.5,10.3]
["Sorgo-forrageiro",1,{"v":10,"d":"10.0"},{"v":10,"d":"10.0"},{"v":10,"d":"10.0"},{"v":10,"d":"10.0"}]
["Cana-de-acucar outras finalidades",3,1.5,{"v":3,"d":"3.0"},4.5,{"v":9,"d":"9.0"}]
["Pomar domestico",4,0.7,{"v":1.83,"d":"1.8"},{"v":4,"d":"4.0"},7.3]
["Outras olericolas",4,0.4,{"v":0.88,"d":"0.9"},1.7,3.5]
["Quiabo",4,0.5,{"v":0.85,"d":"0.9"},1.2,3.4]
["Mandioca",4,0.2,{"v":0.73,"d":"0.7"},1.2,2.9]
["Couve (ou couve-crespa)",2,0.6,{"v":1.15,"d":"1.2"},1.7,2.3]
["Brocolos (ou brocolis)",2,0.6,{"v":1.15,"d":"1.2"},1.7,2.3]
["Jilo",3,0.2,{"v":0.77,"d":"0.8"},1.8,2.3]
["Berinjela",3,0.2,{"v":0.77,"d":"0.8"},1.8,2.3]
["Capim-napier (ou capim-elefante)",2,0.2,0.8,1.4,1.6]
["Banana",2,0.1,{"v":0.65,"d":"0.7"},1.2,1.3]
["Cebolinha",1,1.2,1.2,1.2,1.2]
["Repolho",1,1.2,1.2,1.2,1.2]
["Coco-da-baia",1,{"v":1,"d":"1.0"},{"v":1,"d":"1.0"},{"v":1,"d":"1.0"},{"v":1,"d":"1.0"}]
["Manga",1,{"v":1,"d":"1.0"},{"v":1,"d":"1.0"},{"v":1,"d":"1.0"},{"v":1,"d":"1.0"}]
["Feijao-vagem (ou vagem, ou feijao-verde)",2,0.1,0.3,0.5,0.6]
["Abobora (ou jerimum)",1,0.5,0.5,0.5,0.5]
["Horta domestica",1,0.2,0.2,0.2,0.2]
["Maracuja",1,0.2,0.2,0.2,0.2]
["Fonte: Secretaria de Agricultura e Abastecimento, CDRS/IEA, Projeto LUPA."]